000 00582nam a2200169Ia 4500
003 SGT
020 _a9788131702284
082 _a621.381735
_bGAY
100 _aGayakwad,Ramakant A
245 _aOperational Amplifiers and linear integrated circuits
250 _a4th . Ed.
260 _bPearson
_aN.Delhi
_c2008
300 _a559p.
650 _aELECTRONICS ENGINEERING
653 _aINTRODUCTION TO OPERATIONAL AMPLIFIERS,INTERPRETATION OF SHEETS AND CHARACTERISTICS OF AN OP-AMP GENERAL LINEAR APPLICATIONS,THE PRACTICAL OP-AMP,ACTIVE FILTERS AND OSCILLATORS
942 _2ddc
_cBK
999 _c5402
_d5402